000
00265nam a22001097a 4500
999
_c
169636
_d
169636
082
_a
_b
100
_a
Chinnaiah Jangam
245
_a
Dalits and the making of modern india/
_c
by Chinnaiah Jangam.
260
_a
New Delhi:
_b
Oxford,
_c
650
_a
942
_c
BK